Madrelingua Italiani nel Mondo - Statistics

Statistiche generali
  • Questo quiz è stato fatto 225 volte
  • Il punteggio medio è 7 su 10
Statistiche sulle risposte
Numero di Madrelingua Stato % Corretto
60.000.000 Italia
98%
644.000 Svizzera
90%
34.000 San Marino
86%
836 Città del Vaticano
80%
723.000 Stati Uniti
74%
4.000 Slovenia
72%
9.000 Malta
63%
19.000 Croazia
61%
661.000 Canada
57%
454 Montenegro
18%
Nessun quiz corrispondente trovato
Distribuzione punteggi
Percentuale di utenti per punteggio
Percentile per numero di risposta
I tuoi punteggi nel tempo
Non hai fatto questo quiz